000 00810nam a22002537a 4500
003 0
005 20180703172414.0
008 0
010 _aA-761505
020 _c00.00
_a8120712935
035 _aA-761505, A-761508
037 _bCen Lib/Ret
040 _aDPL
_bEN
_c0
082 _a796
_bPAR
100 _aN. Parameswaea Ram
_924413
245 _aThe art and science of research in physical education and sports /
_cby N. Parameswaea Ram
260 _aNew Delhi
_bSterling Publishers Private Limited
_c1995
270 _aL-10 Green Park
_bNew Delhi
_e110016
300 _axiv,233p.
_c22cm(Hb)
500 _aIncludes bibliographical references and index.
650 _aPhysical education
_922886
650 _aResearch in Physical education
_924414
942 _2ddc
_cEN
_h796
_mPAR
999 _c128774
_d128774